000 00453nam a2200181Ia 4500
001 9353
005 20260306161712.0
008 260306t2013||||xx |||||||||||||| ||spa||
041 _aESP
082 _a378.125
_bB84
100 _aBrown, Sally
_eAUT
245 0 _aEvaluación de habilidades y competencias en educación superior
260 _c2013
300 _a137 páginas :
_c23 cm.
650 _aGEN
654 _aCED
942 _cLIB
_dJUS
_fJUS
_2ddc
_n
999 _c9353
_d9353